00638nam a2200205 a 450000500170000000800410001701000140005802000260007203500130009803700150011104000180012608200080014410000330015224500500018526000450023527000660028030000300034650000230037660000330039920020626165708.0000825s2001 nyu | b 00| 0aeng  aENG-91579 a9788124114094c595.00 aEN-75112 bDBAD / PUB adplbEnglish  a921 aBuch, M.N. qBuch, Mahesh N. aWhen the harvest moon is blue /cby M.N. Buch aNew Delhi bHar-Anand Publicationsc2008 aE-49/3, Okhla Industrial Area, Phase-II, bNew Delhi e110020 a242p.:c22 cm (hb)bill.  aIncludes glossary  aBuch, M.N., 1934-vBiography